| 000 | 00564nam a22001817a 4500 | ||
|---|---|---|---|
| 005 | 20251108164300.0 | ||
| 008 | 250721s1984 xx 000 0 ara d | ||
| 082 | 1 | 4 | _a811.4/إسم |
| 100 | 1 | _aاليوسف، إسماعيل | |
| 245 | 1 | 0 |
_aالفرزدق : _bأخباره و نمادج من شعره / |
| 264 | 1 |
_aدمشق : _bدار الكتاب العربي، _c1984. |
|
| 300 | _a174ص | ||
| 490 | 0 | _aسلسلة الشعراء العرب ؛1 | |
| 650 | 1 | 7 | _aالعصر الأموي |
| 650 | 1 | 7 | _aالشعر العربي |
| 942 |
_2ddc _cBK |
||
| 999 |
_c8304 _d8304 |
||